Great city maps (Record no. 115951)

MARC details
000 -LEADER
fixed length control field 00906cam a22002055a 4500
001 - CONTROL NUMBER
control field L159492
008 - FIXED-LENGTH DATA ELEMENTS--GENERAL INFORMATION
fixed length control field 170801s2016 xxk f 000 0 eng d
020 ## - INTERNATIONAL STANDARD BOOK NUMBER
International Standard Book Number 9780241238981
035 ## - SYSTEM CONTROL NUMBER
System control number (Sirsi) u159492
041 0# - LANGUAGE CODE
Language code of text/sound track or separate title eng
050 04 - LIBRARY OF CONGRESS CALL NUMBER
Classification number 526.09 $2 18
245 00 - TITLE STATEMENT
Title Great city maps
Remainder of title a historical journey through maps, plans, and paintings.
260 ## - PUBLICATION, DISTRIBUTION, ETC.
Place of publication, distribution, etc. London
Name of publisher, distributor, etc. DK
Date of publication, distribution, etc. 2016
300 ## - PHYSICAL DESCRIPTION
Extent 256p.
Other physical details ill
-- photographs
Dimensions 31cm.
520 ## - SUMMARY, ETC.
Summary, etc. Explores the world's most celebrated historical city maps. Richly detailed ancient and modern maps of important cities take you on a journey across the globe. Follow the history of maps and their stories, with profiles of iconic cartographers and artists showing you who created each map, how, and why.
651 #4 - SUBJECT ADDED ENTRY--GEOGRAPHIC NAME
Geographic name International
690 ## - LOCAL SUBJECT ADDED ENTRY--TOPICAL TERM (OCLC, RLIN)
Topical term or geographic name as entry element ENVIRONMENTAL AND LAND CONSULTANCY-GEOMATICS-MAPPING AND POSITIONING-CARTOGRAPHY
700 1# - ADDED ENTRY--PERSONAL NAME
Personal name Atkinson, Sam
942 ## - ADDED ENTRY ELEMENTS (KOHA)
Suppress in OPAC 0
Holdings
Withdrawn status Lost status Source of classification or shelving scheme Damaged status Not for loan Home library Current library Shelving location Date acquired Total Checkouts Full call number Barcode Date last seen Copy number Price effective from Koha item type
    Dewey Decimal Classification     London London Folio 01/08/2017   F526.09 ATK 30078492 10/05/2024 1 06/08/2019 Book